000 00889cam a2200265 a 4500
999 _c3494
_d3494
001 1182931
003 OSt
005 20181113175412.0
008 971119s1998 miu b 001 0 eng
010 _a 97043975
020 _a0800792602 (pbk.)
040 _aDLC
_cDLC
_dDLC
050 0 0 _aBV873.E8
_bP75 1998
082 0 0 _a265
_221
_bP954S
100 1 _aPrince, Derek.
245 1 0 _aThey shall expel demons :
_bwhat you need to know about demons--your invisible enemies /
_cDerek Prince.
260 _aGrand Rapids, Mich. :
_bChosen Books,
_c[c1998]
300 _a254 p. ;
_c22 cm.
504 _aIncludes bibliographical references (p. 249) and index.
650 0 _aExorcism.
650 0 _aDemonology.
906 _a7
_bcbc
_corignew
_d1
_eocip
_f19
_gy-gencatlg
942 _2ddc
_cBK